| 000 | 00652nam a2200265Ia 4500 | ||
|---|---|---|---|
| 008 | 160803s9999 xx 000 0 und d | ||
| 020 | _a9780545631556 | ||
| 100 | _aCoville, Bruce | ||
| 245 | _aAlways October / | ||
| 245 | _cBruce Coville. | ||
| 260 | _aNew York : | ||
| 260 | _bScholastic Inc. | ||
| 260 | _c2012 | ||
| 300 | _a367 pages ; | ||
| 300 | _c19 cm | ||
| 650 | _aAdventure stories. | ||
| 650 | _aBest friends -- | ||
| 650 | _aFriendship -- | ||
| 650 | _aMonsters -- | ||
| 650 | _aParanormal fiction. | ||
| 650 | _xJuvenile fiction. | ||
| 650 | _xJuvenile fiction. | ||
| 650 | _xJuvenile fiction. | ||
| 700 | _a730 | ||
| 999 |
_c299621 _d299621 |
||